000 00442nam a2200181Ia 4500
003 OSt
005 20250814101703.0
008 250729s2005 xx 000 0 und d
040 _cAL
041 _aeng
082 _a370 PANP
100 _aMathur S S
_9221284
245 _aA Sociological approach to idian education
260 _aAgra
_bVinod Piustak Mandir
_c2005
300 _a120p
650 _aEducation
_9221285
942 _2ddc
_cBED
999 _c234938
_d234938